[Event "IRI-ch U16"]
[Site "Chess.com INT"]
[Date "2021.01.16"]
[Round "9"]
[White "Roshani, Soroush"]
[Black "Karimi, Mahdiar"]
[Result "1/2-1/2"]
[WhiteElo "1424"]
[BlackElo "1805"]
[PlyCount "46"]
[EventDate "2021.01.16"]
[EventType "swiss"]
[EventRounds "11"]
[EventCountry "IRI"]
[SourceTitle "EXT 2022"]
[Source "ChessBase"]
[SourceDate "2021.10.06"]
[SourceVersion "1"]
[SourceVersionDate "2021.10.06"]
[SourceQuality "1"]

1. e4 c5 2. d4 cxd4 3. c3 dxc3 4. Nxc3 Nc6 5. Bc4 d6 6. Nf3 e6 7. 0-0 Nf6 8. Qe2 Be7 9. Rd1 e5 10. Be3 Be6 11. Bd5 Bxd5 12. exd5 Nb8 13. Nxe5 dxe5 14. d6 Nc6 15. Bc5 Bxd6 16. Bxd6 Qa5 17. Nb5 0-0-0 18. b4 Qa6 19. Rac1 Rhe8 20. Rc5 Nd7 21. Rcc1 Nf6 22. Bc5 Kb8 23. Bd6+ Kc8 1/2-1/2